000 00739nam a2200253Ia 4500
003 OSt
005 20221005073936.0
006 a|||||r|||| 00| 0
007 ta
008 221004b |||||||| |||| 00| 0 eng d
020 _a9788184571301 (hbk)
024 _a26652
037 _bGift, 09/05/2016,
_cTextual
040 _aCRL
_cCRL
_beng
041 _2eng
_aeng
082 _aT:3,16, P9
100 _aThamarasseri Ismail
_9608424
245 0 _aInformation and communication technology in education
260 _aNew Delhi
_bKanishka Publishers India
_c2009
300 _ax, 174p.
_ccm.
650 _aEDUCATION
942 _hT:3,16, P9
_cTEXL
_2cc
999 _c981974
_d981974